000 00400nam a22001337a 4500
005 20260316095732.0
008 260316b |||||||| |||| 00| 0 eng d
040 _cFLL
041 _2eng
_aeng
100 _aJoshi, Adhiraj
_91132086
245 _aBeyond Bankruptly
_bA Comparative Analysis of Corporate Rescue Mechanisms in India and the UK
260 _aDU
_bFaculty of Law
_c2024
942 _2CC
_cDIS
999 _c1715444
_d1715444